[Event "Wch U20 Girls 28th"]
[Site "Chotowa"]
[Date "2010.08.06"]
[Round "4"]
[White "Unapkoshvili, Nani"]
[Black "Ho, En Huei Danielle"]
[Result "1-0"]
[WhiteElo "1997"]
[BlackElo "1898"]
[PlyCount "65"]
[EventDate "2010.08.03"]
[EventType "swiss"]
[EventRounds "13"]
[EventCountry "POL"]
[SourceTitle "CBM 137 Extra"]
[Source "ChessBase"]
[SourceDate "2010.09.01"]
[SourceVersion "1"]
[SourceVersionDate "2010.09.01"]
[SourceQuality "1"]

1. d4 d5 2. Nf3 c5 3. dxc5 Nc6 4. c4 d4 5. a3 a5 6. Bf4 f6 7. e4 e5 8. Bd2 Bxc5 9. Nh4 Nge7 10. f4 exf4 11. Qh5+ g6 12. Qxc5 b6 13. Qb5 0-0 14. Qb3 g5 15. Nf3 a4 16. Qc2 Ng6 17. Bb4 Re8 18. Nbd2 g4 19. Ng1 f5 20. 0-0-0 Nge5 21. exf5 d3 22. Qc3 Bxf5 23. h3 h5 24. hxg4 hxg4 25. Rh6 Bg6 26. Rxg6+ Nxg6 27. Bxd3 Nge5 28. Be4 Nxb4 29. axb4 Rc8 30. Bd5+ Kf8 31. Kb1 Qc7 32. Qd4 Ng6 33. Qf6+ 1-0

[Event "Wch U20 Girls 28th"]
[Site "Chotowa"]
[Date "2010.08.04"]
[Round "2"]
[White "Unapkoshvili, Nani"]
[Black "Semenova, Elena"]
[Result "1/2-1/2"]
[WhiteElo "1997"]
[BlackElo "2194"]
[PlyCount "66"]
[EventDate "2010.08.03"]
[EventType "swiss"]
[EventRounds "13"]
[EventCountry "POL"]
[SourceTitle "CBM 137 Extra"]
[Source "ChessBase"]
[SourceDate "2010.09.01"]
[SourceVersion "1"]
[SourceVersionDate "2010.09.01"]
[SourceQuality "1"]

1. d4 d5 2. Nf3 Nf6 3. c4 c6 4. Qc2 dxc4 5. Qxc4 Bf5 6. Nc3 Nbd7 7. g3 e6 8. Bg2 Be7 9. 0-0 0-0 10. e3 Qc7 11. Qe2 e5 12. h3 Ne4 13. g4 Bg6 14. Nxe4 Bxe4 15. Rd1 Rad8 16. Nxe5 Bxg2 17. Nxd7 Qxd7 18. Kxg2 f5 19. f4 Bd6 20. Bd2 Rfe8 21. Qf3 Re4 22. Kf2 Be7 23. Kg2 Bf6 24. Bb4 Rde8 25. Rd3 Qd5 26. g5 Bd8 27. Bd2 c5 28. Rd1 Bb6 29. Bc1 cxd4 30. exd4 Rc8 31. Rc3 Rd8 32. Rc2 Qxa2 33. Kg3 Qd5 1/2-1/2

[Event "Wch U14 Girls"]
[Site "Kemer"]
[Date "2009.11.22"]
[Round "11"]
[White "Unapkoshvili, Nani"]
[Black "Anjana Krishna, Sreela"]
[Result "0-1"]
[WhiteElo "1993"]
[BlackElo "1908"]
[PlyCount "31"]
[EventDate "2009.11.12"]
[EventType "swiss"]
[EventRounds "11"]
[EventCountry "TUR"]
[SourceTitle "EXT 2010"]
[Source "ChessBase"]
[SourceDate "2010.11.25"]
[SourceVersion "1"]
[SourceVersionDate "2010.11.25"]
[SourceQuality "1"]

1. g3 d5 2. Bg2 Nf6 3. c4 e6 4. d4 Be7 5. Nf3 0-0 6. 0-0 b6 7. cxd5 exd5 8. Ne5 Bb7 9. Qc2 c6 10. Nc3 Nbd7 11. e4 Nxe5 12. dxe5 Nxe4 13. Nxe4 dxe4 14. Bxe4 h6 15. f4 c5 16. a3 0-1

[Event "Wch U14 Girls"]
[Site "Kemer"]
[Date "2009.11.19"]
[Round "8"]
[White "Unapkoshvili, Nani"]
[Black "Kuehnel, Lena"]
[Result "1/2-1/2"]
[WhiteElo "1993"]
[BlackElo "1761"]
[PlyCount "40"]
[EventDate "2009.11.12"]
[EventType "swiss"]
[EventRounds "11"]
[EventCountry "TUR"]
[SourceTitle "EXT 2010"]
[Source "ChessBase"]
[SourceDate "2010.11.25"]
[SourceVersion "1"]
[SourceVersionDate "2010.11.25"]
[SourceQuality "1"]

1. g3 d5 2. Bg2 Nf6 3. c4 c6 4. cxd5 cxd5 5. d4 Nc6 6. Nc3 e6 7. Nf3 Bd6 8. 0-0 0-0 9. Bg5 h6 10. Bxf6 Qxf6 11. e3 a6 12. Rc1 Bd7 13. Na4 Qd8 14. Nc5 Bxc5 15. dxc5 Rc8 16. a3 Na5 17. b3 b6 18. b4 Nc4 19. cxb6 Qxb6 20. Qb3 Na5 1/2-1/2

[Event "Wch U14 Girls"]
[Site "Kemer"]
[Date "2009.11.16"]
[Round "5"]
[White "Korban, Katrina"]
[Black "Unapkoshvili, Nani"]
[Result "0-1"]
[WhiteElo "1780"]
[BlackElo "1993"]
[PlyCount "84"]
[EventDate "2009.11.12"]
[EventType "swiss"]
[EventRounds "11"]
[EventCountry "TUR"]
[SourceTitle "EXT 2010"]
[Source "ChessBase"]
[SourceDate "2010.11.25"]
[SourceVersion "1"]
[SourceVersionDate "2010.11.25"]
[SourceQuality "1"]

1. c4 e5 2. Nc3 Nc6 3. e3 g6 4. Nf3 Bg7 5. Be2 Nge7 6. 0-0 0-0 7. d4 exd4 8. exd4 d5 9. Bg5 h6 10. Bxe7 Nxe7 11. c5 Bg4 12. Qd2 Nf5 13. Rfd1 Bxf3 14. Bxf3 Nxd4 15. Bxd5 c6 16. Bc4 Qh4 17. Qd3 Rad8 18. Qe4 Qg5 19. Na4 Rfe8 20. Qb1 Nf3+ 21. Kh1 Rxd1+ 22. Qxd1 Re1+ 23. Qxe1 Nxe1 24. Rxe1 Qf4 25. Bb3 Qxf2 26. Rd1 Be5 27. h3 Kg7 28. Ra1 b5 29. cxb6 axb6 30. Rd1 b5 31. Nc3 Qxb2 32. Ne4 Qe2 33. Nc5 Qe3 34. Nd3 Bd6 35. Ne1 Qf4 36. Nf3 c5 37. Re1 c4 38. Bd1 b4 39. Bc2 g5 40. Ba4 h5 41. Bd7 g4 42. hxg4 hxg4 0-1